| 000 | 00783nam a2200229 i 4500 | ||
|---|---|---|---|
| 001 | 93074 | ||
| 003 | ES-MaACL | ||
| 005 | 20251001175245.0 | ||
| 007 | t| | ||
| 008 | 050407s1978 sp ||||1| spa d | ||
| 100 | 1 |
_aLojendio, Luis María de. _973151 |
|
| 245 | 1 | 0 |
_aNavarra / _cLuis María de Lojendio; introducción de Georges Gaillard; fotografía de Zodiaque; [traducción de la introducción Abundio Rodríguez]. |
| 260 |
_a[Madrid : _bEncuentro, _c1978] |
||
| 300 |
_a440 p. 74 lám. neg. y col. ; _c23 cm. |
||
| 490 | 1 | _aEspaña románica | |
| 700 | 1 |
_aGaillard, Georges. _953250 |
|
| 700 | 0 |
_aZodiaque _9118322 |
|
| 700 | 1 |
_aRodríguez, Abundio. _998202 |
|
| 830 | 0 |
_aEspaña románica _9232078 |
|
| 852 |
_aES-MaACL _jF-15948 _bR.100776 |
||
| 999 |
_c93074 _d93074 |
||